00827nam a2200265Ia 4500001001000000003000500010008004100015010001100056040000900067082001900076100003600095245006600131260003600197300001100233440004700244650002200291901001900313902000600332905006300338910000900401942000900410942001200419999001900431952011100450Para_6193CHAP220125s1893 xx 000 0 und d a204813 cCHAP aPA-C 595.6 B65 aBollman, Charles Harvey9170765 aThe Myriapoda of North America /c by Charles Harvey Bollman aWashington :b National Museum a210 p. aU. S. National Museum Bulletin; 469170766 aMyriapoda9170767 aPA-C 595.6 B65 aA a0000001893 0000000000 00 a1893 cPARA cPARAd1 c204813d204813 00102ddc4051708CaPAbPAc11d2005-10-27fPARAl0pPA_3571r2022-01-25 00:00:00w2022-01-25yLIBROz3